000 00760nam a2200253 i 4500
001 bg
100 1 _aGirardi, Monica.
245 0 _aGiotto /
_c[tekst Monica Girardi ; tł. Małgorzata Borkowska].
260 _aWarszawa :
_bRzeczpospolita ;
_bHPS,
_c2006.
300 _a142, [1] s. :
_bil. ;
_c26 cm.
490 1 _aKlasycy Sztuki ;
_v11
600 0 _aGiotto di Bondone
_d(ca 1266-1337)
_xtwórczość
650 0 _aMalarstwo włoskie
_xhistoria
_y13-14 w.
700 0 1 _aBorkowska, Hanna.
_eTł.
830 _aKlasycy Sztuki ;
020 _a9788360529102
020 _a8360529102
040 _cBPK
041 1 _apol
_hita
080 _a75.071(450)"12/13"A/Z
920 _a978-83-60529-10-2
942 _cKS
008 s pl f |000 0 pol
999 _c53731
_d53731
856 _uhttp://koha.tu.koszalin.pl/cgi-bin/koha/opac-detail.pl?biblionumber=53731
_yKatalog online BPK